Web Standards Creativity Innovations in Web Design with XHTML, CSS, and DOM Scripting /

Be inspired by 10 web design lessons from 10 of the world's best web designers Get creative with cutting-edge XHTML, CSS, and DOM scripting techniques Learn breathtaking design skills while remaining standards-compliant Here at friends of ED, we know that as a web designer or developer, your wo...

Full description

Bibliographic Details
Main Authors: Adams, Cameron (Author), Boulton, Mark (Author), Clarke, Andy (Author), Collison, Simon (Author), Croft, Jeff (Author), Featherstone, Derek (Author), Lloyd, Ian (Author), Marcotte, Ethan (Author), Rubin, Dan (Author), Weychert, Rob (Author)
Corporate Author: SpringerLink (Online service)
Format: Electronic eBook
Language:English
Published: Berkeley, CA : Apress, 2007.
Subjects:
Online Access:Full Text via HEAL-Link
LEADER 03842nam a22005295i 4500
001 978-1-4302-0390-2
003 DE-He213
005 20151204183027.0
007 cr nn 008mamaa
008 100301s2007 xxu| s |||| 0|eng d
020 |a 9781430203902  |9 978-1-4302-0390-2 
024 7 |a 10.1007/978-1-4302-0390-2  |2 doi 
040 |d GrThAP 
050 4 |a QA76.758 
072 7 |a UMZ  |2 bicssc 
072 7 |a UL  |2 bicssc 
072 7 |a COM051230  |2 bisacsh 
082 0 4 |a 005.1  |2 23 
100 1 |a Adams, Cameron.  |e author. 
245 1 0 |a Web Standards Creativity  |h [electronic resource] :  |b Innovations in Web Design with XHTML, CSS, and DOM Scripting /  |c by Cameron Adams, Mark Boulton, Andy Clarke, Simon Collison, Jeff Croft, Derek Featherstone, Ian Lloyd, Ethan Marcotte, Dan Rubin, Rob Weychert. 
264 1 |a Berkeley, CA :  |b Apress,  |c 2007. 
300 |a XVI, 288 p.  |b online resource. 
336 |a text  |b txt  |2 rdacontent 
337 |a computer  |b c  |2 rdamedia 
338 |a online resource  |b cr  |2 rdacarrier 
347 |a text file  |b PDF  |2 rda 
505 0 |a Layout Magic -- Semantic Structure, Dirty Pretty Presentation -- Taming a Wild CMS with CSS, Flash, and JavaScript -- New York Magazine: My, What a Classy -- Designing for Outside the Box -- Creative Use of PNG Transparency in Web Design -- Effective Print Techniques Applied to CSS Design -- Grid Design for the Web -- Bridging the Type Divide: Classic Typography with CSS -- DOM Scripting Gems -- Print Magic: Using the DOM and CSS to Save the Planet -- Creating Dynamic Interfaces Using JavaScript -- Accessible Sliding Navigation. 
520 |a Be inspired by 10 web design lessons from 10 of the world's best web designers Get creative with cutting-edge XHTML, CSS, and DOM scripting techniques Learn breathtaking design skills while remaining standards-compliant Here at friends of ED, we know that as a web designer or developer, your work involves more than just working to pay the bills. We know that each day, you strive to push the boundaries of your medium, unleashing your creativity in new ways to make your websites more engaging and attractive to behold, while still maintaining cross-browser support, standards compliance, and accessibility. That's why we got together 10 of the world's most talented web designers to share their secrets with you. Web Standards Creativity is jam-packed with fresh, innovative design ideas. The topics range from essential CSS typography and grid design, effective styling for CMS-driven sites, and astonishing PNG transparency techniques, to DOM scripting magic for creating layouts that change depending on browser resolution and user preference, and better print layouts for web pages. We're sure you will find something here to inspire you! This full-color book's examples are not just stunning to look at, but also fully standards-compliant, up-to-date, and tested in current browsers including Internet Explorer 7. Playing by the rules doesn't have to mean drab or dull websites—Web Standards can be fun! 
650 0 |a Computer science. 
650 0 |a Software engineering. 
650 1 4 |a Computer Science. 
650 2 4 |a Software Engineering/Programming and Operating Systems. 
700 1 |a Boulton, Mark.  |e author. 
700 1 |a Clarke, Andy.  |e author. 
700 1 |a Collison, Simon.  |e author. 
700 1 |a Croft, Jeff.  |e author. 
700 1 |a Featherstone, Derek.  |e author. 
700 1 |a Lloyd, Ian.  |e author. 
700 1 |a Marcotte, Ethan.  |e author. 
700 1 |a Rubin, Dan.  |e author. 
700 1 |a Weychert, Rob.  |e author. 
710 2 |a SpringerLink (Online service) 
773 0 |t Springer eBooks 
776 0 8 |i Printed edition:  |z 9781590598030 
856 4 0 |u http://dx.doi.org/10.1007/978-1-4302-0390-2  |z Full Text via HEAL-Link 
912 |a ZDB-2-CWD 
950 |a Professional and Applied Computing (Springer-12059)